000 00551nam a2200181Ia 4500
999 _c13778
_d13778
003 OSt
005 20201016120839.0
008 190216s9999||||xx |||||||||||||| ||und||
020 _a0195628020
040 _coclc
082 _a891.4391008
_bALI/G
100 _aAli, Ahmed
_95787
245 3 _aThe Golden Tradition An Anthology Of Urdu Poetry /
_cAhmed Ali
260 _bOxford University Press ,
_c1992.
_aNew Delhi:
300 _a274p
650 _aEnglish Poetry
942 _cBK
_2ddc
_h891.4391008
_iALI/G
_k891.4391008
_mALI/G